| 000 | 00342nam a2200145Ia 4500 | ||
|---|---|---|---|
| 005 | 20251222175923.0 | ||
| 008 | 251222s9999||||xx |||||||||||||| ||spa|| | ||
| 020 | _a8422648326 | ||
| 082 | _a828.9/L33 | ||
| 100 | _aLe Carré, John | ||
| 245 | 0 | _aEl Infiltrado | |
| 250 | _a1ra.ed. | ||
| 264 | _bPlaza y Janés Editores, S.A. | ||
| 942 | _cLIB | ||
| 999 |
_c40739 _d40739 |
||